| 000 | 00679cam a2200205 4500 | ||
|---|---|---|---|
| 001 | X118521 | ||
| 008 | 020625n2002 000 0 eng u | ||
| 035 | _a(Sirsi) u118521 | ||
| 100 | _aExton, J | ||
| 245 | _aKeeping costs in proportion | ||
| 260 | _c2002 | ||
| 490 |
_aLaw Society's Gazette _v99(17) 25 April 2002, 39(1) |
||
| 520 | _aExamines indemnity costs and proportionality. Observes court will assess costs on standard or indemnity basis. Uses cases to illustrate CA rulings. | ||
| 650 | _aCIVIL PROCEDURE RULES 1998 | ||
| 650 | _aCOURT OF APPEAL | ||
| 650 | _aINDEMNITY COSTS | ||
| 650 | _aPROPORTIONALITY | ||
| 690 |
_aDispute resolution _96236 |
||
| 942 | _n0 | ||
| 999 |
_c70567 _d70567 |
||